Synergetický model města.

Formulácia matematického modelu mesta pre účely počítačovej simulácie. Model správania sa populácie. Analýza pohybu obyvateľov ku gravitačným centrám. Samoorganizácia ľudského spoločenstva. Modelovanie adaptívnosti a flexibility správania sa. Model mestských okrskov. Poňatie informatizácie spoločnos...

ver descrição completa

Na minha lista:
Detalhes bibliográficos
Autor principal: Vítek, M.
Formato: Capítulo de Livro
Idioma:tcheco
Assuntos:
Tags: Adicionar Tag
Sem tags, seja o primeiro a adicionar uma tag!

MARC

LEADER 00000naa a2200000 4500
001 r006207
005 20221125080855.6
041 0 |a cze 
044 |a [CS] 
245 1 0 |a Synergetický model města.  |c M. Vítek 
520 |a Formulácia matematického modelu mesta pre účely počítačovej simulácie. Model správania sa populácie. Analýza pohybu obyvateľov ku gravitačným centrám. Samoorganizácia ľudského spoločenstva. Modelovanie adaptívnosti a flexibility správania sa. Model mestských okrskov. Poňatie informatizácie spoločnosti. 
610 2 0 |a mestá 
610 2 0 |a modely matematické 
610 2 0 |a simulácia 
610 2 0 |a synergetika 
610 2 0 |a informatizácia 
100 1 |a Vítek, M.